Managing sustainable tourism: A legacy for the future (Record no. 312871)

MARC details
000 -LEADER
fixed length control field 00550 a2200205 4500
005 - DATE & TIME
control field 20240528155117.0
008 - FIXED-LENGTH DATA ELEMENTS--GENERAL INFORMATION
fixed length control field 240502b |||||||| |||| 00| 0 eng d
020 ## - ISBN
International Standard Book Number 9780367331382
Price £ 49.99
040 ## - CATALOGING SOURCE
Original cataloging agency VIVEKANANDA LIBRARY
082 ## - DDC NUMBER
Classification number 338.4791
Book Number E35M(3)
100 ## - MAIN ENTRY--PERSONAL NAME
Personal name Edgell, David L
245 ## - TITLE STATEMENT
Title Managing sustainable tourism: A legacy for the future
250 ## - EDITION STATEMENT
Edition statement 3rd
260 ## - PUBLICATION, DISTRIBUTION, ETC. (IMPRINT)
Name of publisher, distributor, etc Routledge
Date of publication, distribution, etc 2020
Place of publication, distribution, etc New York
300 ## - PHYSICAL DESCRIPTION
Pages xiv, 290
650 ## - Subject
Subject Sustainable Tourism-Management
650 ## - Subject
Subject Ecotourism
650 ## - Subject
Subject Heritage Tourism
942 ## - ADDED ENTRY ELEMENTS (KOHA)
Koha item type Books
Holdings
Withdrawn status Lost status Source of classification or shelving scheme Damaged status Not for loan Location (home branch) Sublocation or collection (holding branch) Shelving location Date acquired Koha issues (times borrowed) Koha full call number Accession No. Koha date last seen Koha item type
    Dewey Decimal Classification     VIVEKANANDA LIBRARY VIVEKANANDA LIBRARY IHTM Library 05/03/2024   338.4791 E35M(3) 425017 05/03/2024 Books
© Designed and Maintained by Vivekananda Library, MDU Rohtak